Final Frontier: (Record no. 183563)

MARC details
000 -LEADER
fixed length control field 00647nam a22001817a 4500
005 - DATE AND TIME OF LATEST TRANSACTION
control field 20211228153856.0
010 ## - LCCN (DPL NO)
LC control number ENG-130727
020 ## - INTERNATIONAL STANDARD BOOK NUMBER
International Standard Book Number 9789388754903
Terms of availability 699.00
035 ## - SYSTEM CONTROL NUMBER
System control number EN-114259
037 ## - SOURCE OF ACQUISITION
Source of stock number/acquisition DBAD
082 ## - DEWEY DECIMAL CLASSIFICATION NUMBER
Classification number 358.80954
100 ## - MAIN ENTRY--PERSONAL NAME
Personal name Gopalaswamy, Bharath
245 ## - TITLE STATEMENT
Title Final Frontier:
Remainder of title India And Space Security/
Statement of responsibility, etc Bharath Gopalaswamy
260 ## - PUBLICATION, DISTRIBUTION, ETC. (IMPRINT)
Place of publication, distribution, etc Chennai
Name of publisher, distributor, etc Westland Publication Private Limited
Date of publication, distribution, etc 2019
270 ## - ADDRESS
Address 1st Floor, A Block, East Wing, Plot No. 40, SP Infocity, Dr MGR Saiai, Purungudi, Kandanchavadi
City Chennai
Postal code 600096
300 ## - PHYSICAL DESCRIPTION
Extent v-ix, 256p
Dimensions 22cm(hbk)
Other physical details Endnotes
942 ## - ADDED ENTRY ELEMENTS (KOHA)
Source of classification or shelving scheme Dewey Decimal Classification
Item type English Books
Classification part 358.80954
Call number suffix GOP
Holdings
Withdrawn status Lost status Not for loan Collection code Home library Current library Date acquired Source of acquisition Cost, normal purchase price Full call number Barcode Copy number Cost, replacement price Koha item type
      Non-fiction Mobile Library Mobile Library 28/12/2021 DBAD/PUB 699.00 358.80954 GOP EN-114259 1 699.00 English Books

© Delhi Public Library
Hit Counter
free hit counter